000 00916nam a22002417a 4500
003 0
005 20251001152244.0
008 251001b xxu||||| |||| 00| 0 eng d
020 _a978-1-138-32075-8
050 _aRG 852
_b.T46 2024
100 _aThompson, Isabel A.,
_eauthor.
245 _aCounseling for peripartum depression :
_ba strengths-based approach to conceptualization and treatment /
_cIsabel A. Thompson, Vanessa Beatriz Teixeira, and Eric S. Thompson.
260 _aNew York, NY :
_bRoutledge,
_c2024.
300 _axxii, 285 pages ;
_c24 cm.
504 _aIncludes bibliographical references and index.
650 _aPostpartum depression.
650 _aPregnancy
_xPsychological aspects.
650 _aChildbirth
_xPsychological aspects.
650 _aMental illness in pregnancy.
700 _aTeixeira, Vanessa Beatriz,
_eauthor.
700 _aThompson, Eric S.,
_eauthor.
942 _2lcc
_cBK
999 _c368175
_d368175